| 000 | 01430nam0a22003011 4500 | ||
|---|---|---|---|
| 001 | rc\2172130 | ||
| 005 | 20260407151139.0 | ||
| 035 | _a(NLR Aleph) 006605342 | ||
| 090 |
_a7291871 _c7291871 |
||
| 100 | _a20110829d1978 |||y0rusy50 ca | ||
| 101 | 0 | _arus | |
| 102 | _aRU | ||
| 105 | _aa z ||||| | ||
| 200 | 1 |
_aВнедрение бригадно-поточного метода автомобильных грузоперевозок в объединении "Якутзолото" _fМ-во цвет. металлургии СССР. Ин-т "Цветметинформация". ЦНОТцветмет |
|
| 210 |
_aМосква _cБ. и. _d1978 |
||
| 215 |
_a8 с. _cил. _d20 |
||
| 225 | 1 |
_aЭкспресс-информация _iСерия "Передовой производственно-технический опыт" |
|
| 300 | _aВ конце текста: Н.Н. Запольская, С.И. Смирнова, И.К. Итарова | ||
| 701 | 1 |
_aИтарова _bИ.К. |
|
| 701 | 1 |
_aЗапольская _bН.Н. |
|
| 701 | 1 |
_aСмирнова _bС.И. |
|
| 712 | 0 | 2 |
_aЦНИИ информации и технико-экономических исследований цветной металлургии _cМосква _3RU\NLR\AUTH\8810026380 _9550967 |
| 801 | 0 |
_aRU _bNLR _gpsbo |
|
| 801 | 1 |
_aRU _bELAR _2rusmarc |
|
| 852 |
_aNLR _j78-4/13618 |
||
| 899 |
_aRuMoRGB _jM 78-11/1645 |
||
| 942 | _cBOOK | ||
| 980 | _aNB | ||